• 首页
  • 本馆介绍
  • 公告通知
  • 最新文献
  • 馆藏检索
  • 电子资源
  • 读者导购
  • 参考咨询
  • 我的图书馆
  • 登录
  • 详细信息显示
  • 放入我的书架
  • 预约/预借图书
  • 作者相关作品
  • 分类相关作品
  • 丛书相关作品
  • 出版社相关作品

书目信息

  • 表格格式
  • 工作单格式
  • 卡片格式
题名:
多项式理论研究综述
    
 
作者: 谢彦麟 编译
分册:  
出版信息: 哈尔滨   哈尔滨工业大学出版社  2016.1
页数: 246页
开本: 25cm
丛书名:
单 册:
中图分类: O174.14
科图分类:
主题词: 多项式--函数论
电子资源:
ISBN: 978-7-5603-5664-8
000 00950nam0 2200253 450
001 0400001457
005 20171018140424.0
010    @a978-7-5603-5664-8@dCNY38.00
100    @a20160601d2016 em y0chiy50 ea
101 0  @achi
102    @aCN@b230000
105    @ay z 000yy
106    @ar
200 1  @a多项式理论研究综述@9duo xiang shi li lun yan jiu zong shu@b专著@dSummary of the theory of polynomial@zeng@f谢彦麟编译
210    @a哈尔滨@c哈尔滨工业大学出版社@d2016.1
215    @a246页@d25cm
300    @a数学·统计学系列
330    @a本书分为多项式的根、不可约多项式、特殊类型的多项式及多项式的某些性质四部分内容,详细的介绍了多项式的基本内容及基本定理同时作者对于多项式的相关理论予以深刻的研究并给出相应的结论。
510 1  @aSummary of the theory of polynomial@zeng
606 0  @a多项式@x函数论
690    @aO174.14@v5
701  0 @a谢彦麟@9xie yan lin@4编译
801  0 @aCN@b91MARC@c20171018
905    @b1020934-8@dO174.14@f5@e220
    
    多项式理论研究综述=Summary of the theory of polynomial/谢彦麟编译.-哈尔滨:哈尔滨工业大学出版社,2016.1
    246页;25cm
    数学·统计学系列
    
    ISBN 978-7-5603-5664-8:CNY38.00
    本书分为多项式的根、不可约多项式、特殊类型的多项式及多项式的某些性质四部分内容,详细的介绍了多项式的基本内容及基本定理同时作者对于多项式的相关理论予以深刻的研究并给出相应的结论。
●
相关链接 在E读中查询图书 在五车中查询图书 在当当中查询图书 在豆瓣中查询图书


正题名:多项式理论研究综述     索取号:O174.14/220         预约/预借

序号 登录号 条形码 馆藏地/架位号 状态 备注
1 1020934   210209344   第二样本阅览室/ [索取号:O174.14/220] 在馆    
2 1020935   210209353   数信系资料室/ [索取号:O174.14/220] 在馆    
3 1020936   210209362   第三借阅区/ [索取号:O174.14/220] 在馆    
4 1020937   210209371   第三借阅区/ [索取号:O174.14/220] 在馆    
5 1020938   210209380   第三借阅区/ [索取号:O174.14/220] 在馆    
唐山师范学院图书馆 欢迎您!
大连网信软件有限公司© 版权所有